| 000 | 00969nam a2200241Ia 4500 | ||
|---|---|---|---|
| 003 | OSt | ||
| 005 | 20220918110835.0 | ||
| 006 | a|||||r|||| 00| 0 | ||
| 007 | ta | ||
| 008 | 220915b |||||||| |||| 00| 0 hin d | ||
| 020 |
_a8181291573 (hbk) _c1750 |
||
| 024 | _a250062 | ||
| 037 |
_b575, 31/01/2009, Eastern Book Linkers _cReference Collections |
||
| 040 |
_aARTS _cARTS _bhin |
||
| 041 |
_2hin _ahin |
||
| 082 | _aO152,2M50x, P8.1-.3 (RR) | ||
| 100 | _aपाण्डेय, मिथिलेश, संपा. | ||
| 245 | 0 | _aभारतेन्दु ग्रन्थावली | |
| 246 | _aBhāratendu granthāvalī | ||
| 260 |
_aनई दिल्ली _bनमन प्रकाशन भारत _c2008 |
||
| 942 |
_hO152,2M50x, P8.1-.3 (RR) _cREF |
||
| 999 |
_c115176 _d115176 |
||